| Tag |
First Indicator |
Second Indicator |
Subfields |
| LEADER |
00000cam a2200000 a 4500 |
| 001 |
in00002553321 |
| 005 |
20151201151522.0 |
| 008 |
100223s2010 nyu b 001 0 eng |
| 010 |
|
|
|a 2010004796
|
| 020 |
|
|
|a 9781433108822 (hardcover : alk. paper)
|
| 020 |
|
|
|a 1433108828 (hardcover : alk. paper)
|
| 029 |
1 |
|
|a OHX
|b har105008423
|
| 029 |
1 |
|
|a CDX
|b 12262083
|
| 035 |
|
|
|a (OCoLC)ocn515478379
|
| 035 |
|
|
|a (OCoLC)515478379
|
| 040 |
|
|
|a DLC
|c DLC
|d BTCTA
|d YDXCP
|d OHX
|d C#P
|d BWX
|d CDX
|d UtOrBLW
|
| 049 |
|
|
|a TXAM
|
| 050 |
0 |
0 |
|a PN3448.B54
|b D68 2010
|
| 082 |
0 |
0 |
|a 809.3/9353
|2 22
|
| 100 |
1 |
|
|a Doub, Yolanda A.
|
| 245 |
1 |
0 |
|a Journeys of formation :
|b the Spanish American Bildungsroman /
|c Yolanda A. Doub.
|
| 264 |
|
1 |
|a New York :
|b Peter Lang,
|c [2010]
|
| 264 |
|
4 |
|c ©2010
|
| 300 |
|
|
|a 109 pages ;
|c 24 cm.
|
| 336 |
|
|
|a text
|b txt
|2 rdacontent
|
| 337 |
|
|
|a unmediated
|b n
|2 rdamedia
|
| 338 |
|
|
|a volume
|b nc
|2 rdacarrier
|
| 490 |
1 |
|
|a Currents in comparative Romance languages and literatures,
|x 0893-5963 ;
|v v. 174
|
| 504 |
|
|
|a Includes bibliographical references and index.
|
| 505 |
0 |
|
|a Introduction -- Argentina: Apprentices and bohemians -- Peru: Nomads and tourists -- Mexico: Outcasts and immigrants -- Conclusions.
|
| 650 |
|
0 |
|a Bildungsromans
|x History and criticism.
|
| 650 |
|
0 |
|a Spanish American fiction
|x History and criticism.
|
| 650 |
|
0 |
|a Latin American fiction
|x History and criticism.
|
| 650 |
|
0 |
|a Maturation (Psychology) in literature.
|
| 650 |
|
0 |
|a Identity (Psychology) in literature.
|
| 650 |
|
0 |
|a Heroes in literature.
|
| 830 |
|
0 |
|a Currents in comparative Romance languages and literatures ;
|v v. 174.
|
| 938 |
|
|
|a Baker and Taylor
|b BTCP
|n BK0008794687
|
| 938 |
|
|
|a YBP Library Services
|b YANK
|n 3171959
|
| 938 |
|
|
|a Otto Harrassowitz
|b HARR
|n har105008423
|
| 938 |
|
|
|a Blackwell Book Service
|b BBUS
|n R2844391
|c $62.95
|
| 938 |
|
|
|a Coutts Information Services
|b COUT
|n 12262083
|
| 945 |
|
|
|a PromptCat
|b 999301
|
| 946 |
|
|
|a stk
|
| 947 |
|
|
|a A14840236509
|
| 994 |
|
|
|a 92
|b TXA
|
| 948 |
|
|
|a Cataloged
|b h
|c 2010/6/15
|d c
|e ibarton
|
| 999 |
|
|
|a MARS
|
| 999 |
f |
f |
|s 1c6917b3-75a1-3175-8c3d-caf8c09570e9
|i 46b3f1be-2e54-3192-ba55-4cf9c510d5a9
|t 0
|
| 952 |
f |
f |
|p normal
|a Texas A&M University
|b College Station
|c Sterling C. Evans Library
|d Evans: Library Stacks
|t 0
|e PN3448.B54 D68 2010
|h Library of Congress classification
|i unmediated -- volume
|m A14840236509
|
| 998 |
f |
f |
|a PN3448.B54 D68 2010
|t 0
|l Evans: Library Stacks
|